Language Quiz

Random Language or Country Quiz
Score 0/20 Timer 05:00
2 Plays Today
% Correct
Adiós
96.4%
Casas de Fernando Alonso
95.7%
Toro
94.9%
Ojos Negros
94.9%
Cabra del Santo Cristo
92.7%
La Hija de Dios
90%
Alquerías del Niño Perdido
89.3%
Muelas de los Caballeros
88.9%
Venta de Baños
88.5%
Escucha
87.9%
% Correct
Villaviciosa
87.7%
Meadero de la Reina
86.1%
Malcocinado
82.5%
Peleas de Abajo
76.6%
Puente Tocinos
73.8%
Libros
72.4%
Dolores
71.1%
Pepino
60.8%
Cenicero
50.4%
Alcantarilla
43.7%
Remove Ads.
Support Sporcle.
Get the best of Sporcle when you Go Orange. This ad-free experience offers more features, more stats, and more fun while also helping to support Sporcle. Thank you for becoming a member.

You're not logged in!

Compare scores with friends on all Sporcle quizzes.
OR
Log In

Sporcle TV

Today on Sporcle TV


Watch our educational content, quiz creation guides, and fun videos on Sporcle TV.

Show Comments

Extras

Top Quizzes Today


Score Distribution

Paid Content

Your Account Isn't Verified!

In order to create a playlist on Sporcle, you need to verify the email address you used during registration. Go to your Sporcle Settings to finish the process.

Report this User

Report this user for behavior that violates our Community Guidelines.

Details: